Pays d'origine des Papes - Statistiques

Statistiques générales
  • Ce quiz a été pris 70 699 fois
    37 654 depuis la dernière actualisation
  • Le résultat moyen est 11 sur 16
Statistiques - réponses
# Pays % Correct
212 Italie / Vatican
100%
16 France
99%
2 Espagne
95%
1 États-Unis
94%
6 Allemagne
93%
1 Argentine
88%
1 Portugal
87%
1 Royaume-Uni
82%
1 Pologne
81%
3 Grèce
65%
1 Pays-Bas
61%
2 Turquie
44%
2 Croatie
43%
3 Israël
36%
3 Syrie
25%
1 Libye
14%
Aucun quiz correspondant
Distribution des résultats
% des personnes avec chaque résultat
Percentile par nombre de réponses
Votre historique - résultats
Vous n’avez pas pris ce quiz depuis la dernière actualisation